| 000 | 01216nam a22003137a 4500 | ||
|---|---|---|---|
| 005 | 20241231025330.0 | ||
| 007 | cr |||aaa||||| | ||
| 008 | 241231s2014 xx|a|||go|||| 00| 0 spa d | ||
| 040 |
_aMX-MxUPN _bspa _cMX-MxUPN _eaacr2 |
||
| 041 | _aspa | ||
| 050 | 4 | _aJL959.5 P64 | |
| 100 | 1 |
_aLevin, Silvia _955021 |
|
| 100 | 1 |
_aBlando, Oscar _955022 |
|
| 100 | 1 |
_aIngaramo, María Alejandra _955023 |
|
| 100 | 1 |
_aPignatta, María Angélica _955024 |
|
| 100 | 1 |
_aSosa, Ruth _955025 |
|
| 100 | 1 |
_aVenticinque, Valeria _955026 |
|
| 245 | 1 | 0 |
_aPolíticas públicas, género y derechos humanos en América Latina _h[recurso electrónico en línea] |
| 250 | _aPrimera edición | ||
| 260 |
_a[Lugar no identificado] : _bIniciativa Latinoamericana de Libros de Texto Abiertos (LATIn), _c2014. |
||
| 300 |
_a1 recurso en línea (142 páginas) : _bilustraciones, PDF |
||
| 506 | 0 | _aAcceso abierto | |
| 650 | 2 |
_aPLANIFICACION POLITICA - _zAMERICA LATINA _96013 |
|
| 650 | 7 |
_aIncorporación de la perspectiva de género _xAspectos jurídicos _948360 |
|
| 650 | 2 |
_aDERECHOS HUMANOS - _zAMERICA LATINA _912323 |
|
| 856 | 4 | 0 | _uhttps://hdl.handle.net/20.500.11785/603 |
| 902 | _bMaríaRobles/311224 | ||
| 942 |
_2lcc _cLIBRO-E |
||
| 999 |
_c212368 _d212368 |
||